[Event "Guernsey Holiday op 39th"]
[Site "Guernsey"]
[Date "2013.10.26"]
[Round "7"]
[White "Jones, Tim"]
[Black "Harnden, Terry"]
[Result "1-0"]
[WhiteElo "1456"]
[BlackElo "1527"]
[PlyCount "71"]
[EventDate "2013.10.20"]
[EventType "swiss"]
[EventRounds "7"]
[EventCountry "GCI"]
[SourceTitle "EXT 2022"]
[Source "ChessBase"]
[SourceDate "2021.10.06"]
[SourceVersion "1"]
[SourceVersionDate "2021.10.06"]
[SourceQuality "1"]

1. e4 c5 2. Nc3 d6 3. g3 Nc6 4. Nf3 g6 5. Bg2 Bg7 6. h3 Nf6 7. Rb1 0-0 8. d3 Rb8 9. 0-0 Bd7 10. Bd2 Qc8 11. Kh2 Ne5 12. Nxe5 dxe5 13. a4 a6 14. b3 b5 15. Re1 Re8 16. Qe2 b4 17. Nd1 a5 18. Nb2 Be6 19. Red1 Rd8 20. Be3 Rd6 21. f4 Ne8 22. Rf1 Rd8 23. f5 Bd7 24. Qf2 Nf6 25. Bxc5 Re8 26. Be3 Qc7 27. Nc4 Ra8 28. g4 h5 29. g5 Nh7 30. Rbd1 gxf5 31. exf5 e4+ 32. Bf4 e5 33. fxe6 Qd8 34. exf7+ Kf8 35. fxe8Q+ Qxe8 36. Bxe4 1-0

[Event "Guernsey Holiday op 39th"]
[Site "Guernsey"]
[Date "2013.10.25"]
[Round "6"]
[White "Jones, Sidney A"]
[Black "Jones, Tim"]
[Result "1/2-1/2"]
[WhiteElo "1488"]
[BlackElo "1456"]
[PlyCount "79"]
[EventDate "2013.10.20"]
[EventType "swiss"]
[EventRounds "7"]
[EventCountry "GCI"]
[SourceTitle "EXT 2022"]
[Source "ChessBase"]
[SourceDate "2021.10.06"]
[SourceVersion "1"]
[SourceVersionDate "2021.10.06"]
[SourceQuality "1"]

1. d4 d5 2. c4 c6 3. Nf3 h6 4. Nc3 Nf6 5. e3 Bg4 6. h3 Bh5 7. cxd5 Nxd5 8. Be2 e6 9. 0-0 Be7 10. Ne5 Bxe2 11. Qxe2 Nd7 12. Nd3 0-0 13. Bd2 Re8 14. Nxd5 exd5 15. Rac1 Nf6 16. a3 Bd6 17. Qd1 Qc7 18. Ne1 a5 19. Nf3 Qb6 20. Bc3 Rac8 21. Ne5 Qc7 22. Ng4 Ne4 23. Ne5 Nxc3 24. Rxc3 Bxe5 25. dxe5 Qxe5 26. Qc1 Re7 27. Re1 Rd7 28. Rc5 Qc7 29. Re2 b6 30. Rc3 c5 31. Rec2 Qd8 32. b4 c4 33. bxa5 bxa5 34. Qf1 f5 35. f4 Rb8 36. Kh2 a4 37. Qe2 Rb3 38. Qd2 Qe7 39. Ra2 Qd6 40. Kh1 1/2-1/2

[Event "Guernsey Holiday op 39th"]
[Site "Guernsey"]
[Date "2013.10.20"]
[Round "1"]
[White "Gunn, Michael J"]
[Black "Jones, Tim"]
[Result "1-0"]
[WhiteElo "1680"]
[BlackElo "1456"]
[PlyCount "89"]
[EventDate "2013.10.20"]
[EventType "swiss"]
[EventRounds "7"]
[EventCountry "GCI"]
[SourceTitle "EXT 2022"]
[Source "ChessBase"]
[SourceDate "2021.10.06"]
[SourceVersion "1"]
[SourceVersionDate "2021.10.06"]
[SourceQuality "1"]

1. c4 Nf6 2. g3 e5 3. Bg2 Bc5 4. e3 c6 5. a3 a5 6. Ne2 d6 7. Nbc3 Bb6 8. d4 0-0 9. d5 Bd7 10. 0-0 c5 11. f4 Qe8 12. e4 Bg4 13. h3 Bxe2 14. Qxe2 Nbd7 15. f5 h6 16. g4 g5 17. fxg6 Kg7 18. gxf7 Rxf7 19. g5 Ng8 20. gxh6+ Kh7 21. Be3 Rxf1+ 22. Rxf1 Qg6 23. Qg4 Qxg4 24. hxg4 Rf8 25. Rxf8 Nxf8 26. g5 Bd8 27. Bh3 Ne7 28. Bf5+ Neg6 29. Kg2 Kh8 30. Kg3 Be7 31. Kg4 Kg8 32. Nb5 Kf7 33. Bd2 b6 34. Na7 Bd8 35. Nc6 Bc7 36. Na7 Bd8 37. Nb5 Be7 38. Nc3 Kg8 39. Ne2 Kf7 40. Kh5 Nh8 41. Ng1 Nfg6 42. Be6+ Kf8 43. Nf3 Nf4+ 44. Bxf4 exf4 45. g6 1-0